00517nam a22001697a 450000500170000001000150001702000260003203500140005803700130007208200140008510000180009924500560011726000540017327000530022730000290028050000380030920170405121450.0 aENG-117506 a9788179105146c850.00 aEN-101038 bDBAD/PUB a304.60954 aSharma, Seema aDemographic transition in India /cby Seema Sharma  aJaipurbAavishkar Publishers, Distributors c2016 a807,Vyas Building, Chaura Rasta bJaipure302003 avi,186p.:b22cm(hb)cill aIncluding Index and Bibliography